00353nam a2200109Ia 4500008004100000082001700041100001300058245005500071942000600126952009800132999001300230240331s9999 xx 000 0 und d a291.082bHYM aLogo. ed 2aA Hymn to Creation :bEssays in Women And Religion cL 001040708LaWERCLbWERCLcSSCd2024-03-31l0o 291.082 HYMp201r2024-03-31w2024-03-31yL c858d858